• 首页
  • 本馆介绍
  • 公告通知
  • 最新文献
  • 馆藏检索
  • 电子资源
  • 读者导购
  • 参考咨询
  • 我的图书馆
  • 登录
  • 详细信息显示
  • 放入我的书架
  • 预约/预借图书
  • 作者相关作品
  • 分类相关作品
  • 丛书相关作品
  • 出版社相关作品

书目信息

  • 表格格式
  • 工作单格式
  • 卡片格式
题名:
大国领导人的接力
    
 
作者: 高庆华 编著
分册:  
出版信息: 桂林   广西师范大学出版社  2006
页数: 82页
开本: 23cm
丛书名:
单 册:
中图分类: K817=5
科图分类:
主题词: 国家元首--生平事迹--世界--现代 , 政府首脑--生平事迹--世界--现代
电子资源:
ISBN: 7-5633-6287-8
000 01244nam0 2200253 450
001 1556335436
005 20150121153910.10
010    @a7-5633-6287-8@dCNY35.00
100    @a20060210d2006 em y0chiy50 ea
101 0  @achi@aeng
102    @aCN@b450000
105    @aa z 000yd
200 1  @a大国领导人的接力@9da guo ling dao ren de jie li@dRelay of great-power leaders@e联合国安理会常任理事国今昔首脑人物@eleading figures of the permanent of UNSC in all ages@e[中英文本]@f高庆华编著@zeng
210    @a桂林@c广西师范大学出版社@d2006
215    @a82页@c照片@d23cm
330    @a本书介绍联合国安全理事会5个常任理事国的国家元首、政府首脑更替次序,包括历任领导人的姓名、任期、党派,而不论及他们杰出与否,也不评说其功过,只是表明一种历史存在——他们曾经在各自那个影响全球的国家里担任过领导人这一公职。
510 1  @aRelay of great-power leaders@eleading figures of the permanent of UNSC in all ages@zeng
517 1  @a联合国安理会常任理事国今昔首脑人物@9lian he guo an li hui chang ren li shi guo jin xi shou nao ren wu
606 0  @a国家元首@x生平事迹@y世界@z现代
606 0  @a政府首脑@x生平事迹@y世界@z现代
690    @aK817=5@v5
701  0 @a高庆华@9gao qing hua@c(政治)@4编著
801  0 @aCN@bTSSF@c20150121
905    @aZUCC@dK817@eJY87
    
    大国领导人的接力=Relay of great-power leaders:联合国安理会常任理事国今昔首脑人物:leading figures of the permanent of UNSC in all ages:[中英文本]/高庆华编著.-桂林:广西师范大学出版社,2006
    82页:照片;23cm
    
    
    ISBN 7-5633-6287-8:CNY35.00
    本书介绍联合国安全理事会5个常任理事国的国家元首、政府首脑更替次序,包括历任领导人的姓名、任期、党派,而不论及他们杰出与否,也不评说其功过,只是表明一种历史存在——他们曾经在各自那个影响全球的国家里担任过领导人这一公职。
●
相关链接 在E读中查询图书 在五车中查询图书 在当当中查询图书 在豆瓣中查询图书


正题名:大国领导人的接力     索取号:K817/JY87         预约/预借

序号 登录号 条形码 馆藏地/架位号 状态 备注
1 7856167   278561673   学院路分馆/ [索取号:K817/JY87] 在馆    
唐山师范学院图书馆 欢迎您!
大连网信软件有限公司© 版权所有